Invenční a inovační aktivita a ekonomická reforma.
Analyzovanie dôsledkov centrálne plánovanej ekonomiky na vedecko-technický rozvoj. Negatívne efekty pre realizáciu zámerov VTR. Súčasný stav vedec.-výskumnej základne, jej výskumný potenciál, bariéry nezáujmu oň v súčasných ekonomických podmienkach. Aktívna antimonopolná politika štátu. Funkcia libe...
Na minha lista:
| Autor principal: | |
|---|---|
| Formato: | Capítulo de Livro |
| Idioma: | tcheco |
| Assuntos: | |
| Tags: |
Sem tags, seja o primeiro a adicionar uma tag!
|
MARC
| LEADER | 00000naa a2200000 4500 | ||
|---|---|---|---|
| 001 | r006352 | ||
| 005 | 20220819175209.1 | ||
| 041 | 0 | |a cze | |
| 044 | |a [CS] | ||
| 245 | 1 | 0 | |a Invenční a inovační aktivita a ekonomická reforma. |c Eva Klvačová |
| 520 | |a Analyzovanie dôsledkov centrálne plánovanej ekonomiky na vedecko-technický rozvoj. Negatívne efekty pre realizáciu zámerov VTR. Súčasný stav vedec.-výskumnej základne, jej výskumný potenciál, bariéry nezáujmu oň v súčasných ekonomických podmienkach. Aktívna antimonopolná politika štátu. Funkcia liberalizácie cien z hľadiska realizácie VTR. | ||
| 610 | 2 | 0 | |a reformy hospodárske |
| 610 | 2 | 0 | |a inovácia |
| 610 | 2 | 0 | |a plánovanie centrálne |
| 610 | 2 | 0 | |a rozvoj vedeckotechnický |
| 610 | 2 | 0 | |a základňa vedeckovýskumná |
| 610 | 2 | 0 | |a demonopolizácia |
| 610 | 2 | 0 | |a ceny voľné |
| 100 | 1 | |a Klvačová, Eva | |